Statistics for Flags of Europe in 1870

Click here to take the quiz!

General Stats

  • This quiz has been taken 170 times
  • The average score is 23 of 29

Answer Stats

Answer% Correct
United Kingdom
100%
Belgium
93%
France
93%
Netherlands
93%
Denmark
92%
Italy
92%
Spain
92%
Luxembourg
91%
Norway
91%
Sweden
91%
Switzerland
91%
Romania
90%
Austria-Hungary
89%
Ottoman Empire
89%
Portugal
87%
San Marino
86%
Montenegro
82%
Greece
81%
Papal States
79%
Bavaria
76%
Serbia
76%
Russia
74%
Liechtenstein
65%
Andorra
58%
North German Confederation
58%
Monaco
44%
Baden
43%
Württemberg
42%
Hesse
41%

Score Distribution

Percentile by Number Answered

Percent of People with Each Score

Your Score History

You have not taken this quiz